| 000 | 01288nab a22002537a 4500 | ||
|---|---|---|---|
| 999 |
_c6363 _d6363 |
||
| 003 | OSt | ||
| 005 | 20260131202724.0 | ||
| 008 | 190603e xxum|||| |||| 00| 0 spa d | ||
| 040 | _cPJ | ||
| 100 |
_94796 _aNager, María Agustina |
||
| 245 | 1 | 0 |
_aEvaluación y cuantificación del daño en el Código Civil y Comercial de la Nación / _cMaría Agustina Nager. |
| 260 |
_cCiudad Autónoma de Buenos Aires : _aThomson Reuters La Ley, _b2025. |
||
| 300 | _ap. 196-200 | ||
| 500 | _aCita: TR LALEY AR/DOC/2797/2025 Publicado en: RCCyC 2025 (Diciembre). | ||
| 505 | _aSumario: I. Prólogo.— II. Sumario del caso.— III. Cuantificación del daño por incapacidad sobreviniente.— IV. Apreciaciones finales. | ||
| 505 | _aFallo comentado: CNCiv., sala A ~ 18/07/2025 ~ Garayo Galeano, Adalberto c. Simón, Carlos y otro s/ daños y perjuicios. | ||
| 505 | _t¿Te interesa el texto completo? Solicitalo al correo: koha@justierradelfuego.gov.ar | ||
| 650 | 0 |
_91467 _aRESPONSABILIDAD CIVIL |
|
| 650 | 0 |
_92823 _aDAÑOS Y PERJUICIOS |
|
| 650 | 0 |
_93451 _aRESPONSABILIDAD OBJETIVA |
|
| 650 | 0 |
_aINDEMNIZACION _91382 |
|
| 773 | 0 |
_02713 _93170 _dCiudad Autónoma de Buenos Aires : Thomson Reuters La Ley, 2015- _tRevista Código Civil y Comercial. Nº 6 - Diciembre 2025 |
|
| 942 |
_2udc _cANA |
||